000 00513nam a2200181Ia 4500
999 _c29104
_d29104
003 OSt
005 20201223130313.0
008 190216s9999||||xx |||||||||||||| ||und||
020 _a9788124016381
040 _coclc
082 _a894.8128
_bMAD/K
100 _aMadhusoodanan, G
_97279
245 0 _aKathayum Paristhithiyum /
_cG Madhusoodanan
260 _bCurrent Books,
_aKottayam:
_c2006.
300 _a455p
650 _aPadanam
942 _cBK
_2ddc
_h894.8128
_iMAD/K
_k894.8128
_mMAD/K